L. Ron Hubbard presents writers of the future. (Record no. 19213)
[ view plain ]
| 000 -LEADER | |
|---|---|
| fixed length control field | 02261nam a22003737a 4500 |
| 001 - CONTROL NUMBER | |
| control field | 15059386 |
| 003 - CONTROL NUMBER IDENTIFIER | |
| control field | OSt |
| 005 - DATE AND TIME OF LATEST TRANSACTION | |
| control field | 20170518101213.0 |
| 008 - FIXED-LENGTH DATA ELEMENTS--GENERAL INFORMATION | |
| fixed length control field | 160929b xxu||||| |||| 00| 0 eng d |
| 010 ## - LIBRARY OF CONGRESS CONTROL NUMBER | |
| LC control number | 2006929955 |
| 020 ## - INTERNATIONAL STANDARD BOOK NUMBER | |
| International Standard Book Number | 1592123457 (pbk.) : |
| Terms of availability | $7.99 |
| 020 ## - INTERNATIONAL STANDARD BOOK NUMBER | |
| International Standard Book Number | 9781592123452 (pbk.) |
| 035 ## - SYSTEM CONTROL NUMBER | |
| System control number | (OCoLC)ocm76878585 |
| 035 ## - SYSTEM CONTROL NUMBER | |
| System control number | (OCoLC)76878585 |
| 040 ## - CATALOGING SOURCE | |
| Original cataloging agency | mmu |
| Transcribing agency | mmu |
| Modifying agency | mmu |
| -- | mmu |
| -- | mmu |
| -- | mmu |
| -- | mmu |
| -- | mmu |
| 042 ## - AUTHENTICATION CODE | |
| Authentication code | lccopycat |
| 050 00 - LIBRARY OF CONGRESS CALL NUMBER | |
| Classification number | PR7301 .H833 2006 |
| 245 00 - TITLE STATEMENT | |
| Title | L. Ron Hubbard presents writers of the future. |
| Number of part/section of a work | Volume XXII : |
| Remainder of title | the year's 12 best tales from the Writers of the future international writing program / |
| Statement of responsibility, etc. | illustrated by the winners in the illustrators of the future international illustration program ; with essays on writing and art by L. Ron Hubbard, Bob Eggleton, Robert J. Sawyer, Orson Scott Card ; edited by Algis Budrys. |
| 246 30 - VARYING FORM OF TITLE | |
| Title proper/short title | Writers of the future. |
| Number of part/section of a work | Volume XXII. |
| 260 ## - PUBLICATION, DISTRIBUTION, ETC. (IMPRINT) | |
| Place of publication, distribution, etc. | Hollywood, Calif. : |
| Name of publisher, distributor, etc. | Galaxy Press, |
| Date of publication, distribution, etc. | c2006. |
| 300 ## - PHYSICAL DESCRIPTION | |
| Extent | 493 p. : |
| Other physical details | ill. ; |
| Dimensions | 18 cm. |
| 500 ## - GENERAL NOTE | |
| General note | Volumes for 2012- cataloged as a serial in LC. |
| Institution to which field applies | DLC |
| 505 0# - FORMATTED CONTENTS NOTE | |
| Formatted contents note | The sword from the sea / Blake Hutchins -- Broken stones / Judith Tabron -- Advice to the word-weary / L. Ron Hubbard -- Games on the children's ward / Michail Velichansky -- Evolution's end / Lee Beavington -- The red envelope / David Sakmyster -- Art is a journey / Bob Eggleton -- Schroedinger's hummingbird / Diana Roland -- On the mount / David John Baker -- Eight things new writers need to know / Robert J. Sawyer -- Life on the voodoo driving range / Brandon Sigrist -- At the gate of god / Joseph Jordan -- Are we at the end of science fiction? / Orson Scott Card -- Balancer / Richard Kerslake -- The bone fisher's apprentice / Sarah Totton -- Tongues / Brian Rappatta. |
| 650 #0 - SUBJECT ADDED ENTRY--TOPICAL TERM | |
| Topical term or geographic name as entry element | Short stories. |
| 655 #7 - INDEX TERM--GENRE/FORM | |
| Genre/form data or focus term | Science fiction. |
| Source of term | gsafd |
| 655 #7 - INDEX TERM--GENRE/FORM | |
| Genre/form data or focus term | Fantasy fiction. |
| Source of term | gsafd |
| 700 1# - ADDED ENTRY--PERSONAL NAME | |
| Personal name | Hubbard, L. Ron |
| Fuller form of name | (La Fayette Ron), |
| Dates associated with a name | 1911-1986. |
| 700 1# - ADDED ENTRY--PERSONAL NAME | |
| Personal name | Budrys, Algis, |
| Dates associated with a name | 1931-2008. |
| 710 2# - ADDED ENTRY--CORPORATE NAME | |
| Corporate name or jurisdiction name as entry element | Copyright Paperback Collection (Library of Congress) |
| Institution to which field applies | DLC |
| 906 ## - LOCAL DATA ELEMENT F, LDF (RLIN) | |
| a | 7 |
| b | cbc |
| c | copycat |
| d | 2 |
| e | ncip |
| f | 20 |
| g | y-genrareb |
| 942 ## - ADDED ENTRY ELEMENTS (KOHA) | |
| Source of classification or shelving scheme | Library of Congress Classification |
| Koha item type | L |
| Withdrawn status | Lost status | Source of classification or shelving scheme | Damaged status | Not for loan | Home library | Current library | Date acquired | Source of acquisition | Total Checkouts | Full call number | Barcode | Date last seen | Date last checked out | Price effective from | Koha item type |
|---|---|---|---|---|---|---|---|---|---|---|---|---|---|---|---|
| Library of Congress Classification | Maasai Mara University Library -Main Campus | Maasai Mara University Library -Main Campus | 09/29/2016 | Donation | 6 | Fic. PR7301 .H833 2006 | 201517681 | 01/08/2025 | 12/17/2024 | 09/29/2016 | L |